Simultaneous Solution and Optimization of Process Flowsheet with Differential Equation Models /
Guardado en:
| Autor Principal: | |
|---|---|
| Otros Autores: | |
| Formato: | Libro |
| Idioma: | English |
| Publicado: |
Pittsburgh :
Design Research Center,
1984.
|
| Materias: | |
| Etiquetas: |
Agregar Etiqueta
Sin Etiquetas, Sea el primero en etiquetar este registro!
|
| LEADER | 00681nam a22001815a 4500 | ||
|---|---|---|---|
| 001 | EIQ.libpla002054 | ||
| 008 | 070404s1984####pau######b####000#0#eng#d | ||
| 005 | 20080609190036.0 | ||
| 245 | 1 | 0 | |a Simultaneous Solution and Optimization of Process Flowsheet with Differential Equation Models / |c by J.E. Cuthrell and L.T. Biegler. |
| 260 | |a Pittsburgh : |b Design Research Center, |c 1984. | ||
| 300 | |a 12 p. ; |c 29 cm. | ||
| 504 | |a Incluye referencias bibliográficas. | ||
| 100 | 1 | |a Cuthrell, J. E. | |
| 700 | 1 | |a Biegler, Lorenz T. | |
| 650 | 4 | |a Procesos |x Optimización. | |
| 650 | 4 | |a Processes |x Optimization. | |
| 040 | |a AR-BbSID |b spa |c AR-BbSID | ||
| 859 | |a AR-BbSID |b BIB. PLAPIQUI |h 660.281 |i C 972 |p 368 | ||
